000
00301nam a22001337a 4500
008
170713b xxu||||| |||| 00| 0 eng d
020
_a
9024733480
041
_a
eng
080
_a
1(091)
100
_a
24
101
_a
FIL
245
_a
A HISTORY OF WOMEN PHILOSOPHERS
_c
WAITHE,M.E
942
_2
udc
_c
BK
999
_c
20626
_d
20626